000 03881 a2200217 4500
999 _c7458
_d7458
003 GBCCL
005 20241126110628.0
008 180813b ||||| |||| 00| 0 eng d
020 _a9788184656220
020 _a818465622X
040 _cgbc
082 _a241.664
_bTHE
245 _aA theological reader on human sexuality and gender diversities :
_benvisioning inclusivity/
_ceditors, Roger Gaikwad and Thomas Ninan.
260 _aDelhi :
_a Nagpur, Maharashtra, India :
_bISPCK ;
_bNational Council of Churches in India (NCCI), 2017.
_c©2017
300 _axxxi, 389 pages ;
_c24 cm
505 _aDefinitions : understanding gender, sex and sexuality / Gopi Shankar -- Unit -1 Theological perspectives : a critical evaluation of early teachings on human sexuality. -- Philosophy and theology of mind-body dualism / Mothy Varkey -- Doctrine of Adamic sin : a theological crux interpretum? / Jogy C. George -- Patriarchy vis-a-vis human sexuality : depatriarchalising in the theology of "Created in the Image of God" / Bendanglemla Longkumer -- Monasticism and sexuality / S. D. Deva Jothi Kumar -- Historiography of John Chrysostom's concept on homosexuality : mapping the partnership trajectories / Bandangtemjen -- A biblical and a theological critique of select ecclesial leaders / RejiMathew -- Critiquing Augustine and Thomas Aquinas on sexuality / J.M. John Marshal -- Martin Luther on gender and sexual diversities / Rohan Gideon -- A critical evaluation of John Calvin's teachings on human sexuality / Lalnghakthuami -- Orthodoxy and sexuality : reflections on the doctrine of God and anthropology / Geevarghese Mor Coorilos -- Unit-2 Church and sexual morality : a critical evaluation. -- Victorian morality and colonization of the body in missionary discourse / Gladson Jathanna -- Church and sexual morality Aruna Gnanadason -- The Church, sexuality and phobia / Philip Kuruvilla -- Critical analysis of churches stand on human sexuality and a way forward / Manoj Kurian -- Unit-3 Legal perspectives on human sexuality and sexual morality. Critical evaluation of religious, juridical, and human rights perspectives on human sexuality and morality / Pawan Dhall. -- Mapping queer margins : a sampling of the situation around LGBTQI rights in different corners of the world / Debjyoti Ghosh -- A critical analysis of section 377 of lndian Penal Code / Gowthaman Ranganathan -- Legal perspectives with reference to transgenders / Sandhya Raju -- Unit-4. Towards a liberative theology of human sexuality. -- Born again : the untold story of Selin / Santosh Koshy Joy -- An LGBTI Q-Inclusive Christian anthropology and public theology / Jacob Mathew -- Towards an afftrming sexual ethics and spirituality / Lai-shan YIP -- Masculinity and justice / Philip Vinod Peacock -- Queer identities and the Bible / L. Jayachitra -- Unit-5. Towards a liberative Christian sexual ethics. Rethinking body and gender, sexuality and sexual differences / Ronald Lalthanmawia -- Queer ethics / Arvind Theodore -- Just love : constructing a new framework of Christian sexual ethics / MiakSiew -- Marriage and family : the traditional view / Phanenmo Kath -- A response to Kath's traditional view on marriage and family / Miak Siew -- Unit-6. Towards a responsible and life-giving ministry in the context of sexual and gender diversities. A biblical response to homophobia : Genesis 19:1-11 / Rosy Zoramthangi Ralte -- Towards a responsible and life-giving ministry with and among sexual and gender minorities / Pauline Ong -- Church, homophobia and heterosexuality / Wati Longchar -- Advocacy work with LGBTIQ communities / Anshi Zachariah-- Gay rights : bridging science, society, religion and the church / K. S. Jacob.
650 _aSex -- Religious aspects -- Christianity.
_99934
650 _aSexual ethics.
_93910
650 _aLiberation theology.
_91640
942 _2ddc
_cBK
_013